000 00944nam a22002415i 4500
001 177721
003 ES-MaACL
005 20230930132752.0
008 110414s1948 be f |||| | fre d
080 _a75 Delvaux, Paul
100 1 _aSpaak, Claude.
_9146189
245 1 0 _aPaul Delvaux /
_cClaude Spaak.
260 _aAnvers ; Bruxelles :
_bDe Sikkel, pour le Ministere de l'Instruction Publique, les editions du Cercle d'Art,
_ccop. 1948.
300 _a16, [26] p. de lám. bl. y n. , [2] h. de lám. col. y n. ;
_c25 cm.
490 1 _aMonographies de l'art belge. Deuxième Série ;
_v6
500 _aÍndice.
504 _aBibliografía: p. 15.
546 _aTexto en francés, leyenda de las ilustraciones en francés y holandés.
600 0 4 _aDelvaux, Paul,
_d1897-1994
_943604
830 0 _aMonographies de l'art belge. Deuxième Série ;
_v6
_9190568
852 _aES-MaACL
_jE-14911
_xOlim P-972
999 _c177721
_d177721